Kuvina Saydaki Videos Quiz - Statistics

General Stats
  • This quiz has been taken 23 times
  • The average score is 18 of 25
Answer Stats
Answer % Correct
3 Solutions to the Twin Paradox
100%
The Perfect Sorting Algorithm?? Block Sort Explained (Wiki Sort, Grail Sort)
88%
Every Sorting Algorithm Explained in 120 minutes (full series)
88%
Every Sorting Algorithm (part 2): The Weird and Obscure
88%
Every Sorting Algorithm (part 3): Variants and Hybrids
88%
Explaining EVERY Sorting Algorithm (part 1)
88%
How many countries are there???
88%
The Key to Relativity: The Lorentz Transform Explained
88%
The Ladder Paradox Explained
88%
Visualizing 70 Sorting Algorithms
88%
Length Contraction Explained
75%
Relativity Explained: Reference Frames and Postulates
75%
Relativity of Simultaneity
75%
The ALMOST Platonic Solids
75%
The Sacred Geometry of Tilings
75%
Time Dilation Explained
75%
When velocities don't add (Relativity)
75%
70 is weird
63%
How many regular polygons are there???
50%
Map Projections Explained
50%
The Amazing Math behind Colors!
50%
The Prime Number Imposters!
50%
How I made my own Fractal
25%
Mathematical Coincidences
25%
The ALMOST Perfect Numbers
25%
No matching quizzes found
Score Distribution
Percent of People with Each Score
Percentile by Number Answered
Your Score History
You have not taken this quiz